[Event "Eesti klubide mv"]
[Site "Tallinn"]
[Date "2021.07.16"]
[Round "1.1"]
[White "Jezov, Roman"]
[Black "Pedmanson, Albert"]
[Result "1-0"]
[WhiteElo "2318"]
[BlackElo "1945"]
[PlyCount "43"]
[EventDate "2021.07.16"]
[EventCountry "EST"]
[SourceVersionDate "2021.11.19"]
[WhiteTeam "Kadrioru MK"]
[BlackTeam "Tartu Kalev"]

1. e4 e5 2. Nf3 Nc6 3. Nc3 Nf6 4. Bb5 Nd4 5. Nxd4 exd4 6. e5 dxc3 7. exf6 Qxf6
8. dxc3 Bc5 9. O-O O-O 10. Qh5 d6 11. Bd3 h6 12. h4 Re8 13. g3 Re5 14. Qd1 Bh3
15. Bf4 Bxf1 16. Qxf1 Re6 17. Qh3 Rae8 18. Kg2 Qe7 19. Qg4 Qd7 20. Rf1 Qc6+ 21.
Kh2 Re1 22. Bxh6 1-0

[Event "Eesti klubide mv"]
[Site "Tallinn"]
[Date "2021.07.16"]
[Round "1.2"]
[White "Sirp, Karl Aleksander"]
[Black "Petrov, Dmitri"]
[Result "1/2-1/2"]
[WhiteElo "1971"]
[BlackElo "2251"]
[PlyCount "44"]
[EventDate "2021.07.16"]
[EventCountry "EST"]
[SourceVersionDate "2021.11.19"]
[WhiteTeam "Tartu Kalev"]
[BlackTeam "Kadrioru MK"]

1. Nf3 d5 2. d4 Nf6 3. Bf4 c6 4. c3 Bf5 5. e3 Qb6 6. Qb3 Nbd7 7. Nbd2 Nh5 8.
Be2 Nxf4 9. exf4 e6 10. Nh4 Bd6 11. Nxf5 exf5 12. g3 O-O 13. O-O Nf6 14. Bd3 g6
15. Nf3 c5 16. Qxb6 axb6 17. Ne5 Rfd8 18. a3 Ne8 19. Bc2 Nc7 20. Rad1 Ne6 21.
Nf3 c4 22. Rfe1 b5 1/2-1/2

[Event "Eesti klubide mv"]
[Site "Tallinn"]
[Date "2021.07.16"]
[Round "1.3"]
[White "Ivanov, Platon-Jaan"]
[Black "Tomson, Mihkel"]
[Result "1/2-1/2"]
[WhiteElo "2188"]
[BlackElo "1864"]
[PlyCount "168"]
[EventDate "2021.07.16"]
[EventCountry "EST"]
[SourceVersionDate "2021.11.19"]
[WhiteTeam "Kadrioru MK"]
[BlackTeam "Tartu Kalev"]

1. d4 Nf6 2. c4 g6 3. Nc3 Bg7 4. Nf3 O-O 5. e4 d6 6. h3 e5 7. d5 a5 8. g4 Na6
9. Bd3 Nc5 10. Bc2 h5 11. g5 Ne8 12. Be3 b6 13. a3 Kh7 14. Qe2 f5 15. exf5 Bxf5
16. Nh4 Qd7 17. Nxf5 Rxf5 18. Bxf5 Qxf5 19. Bxc5 dxc5 20. Ne4 Nd6 21. Nxd6 cxd6
22. h4 Rf8 23. O-O-O e4 24. Rhe1 Qf4+ 25. Kb1 Qxh4 26. Qxe4 Qxf2 27. Re2 Qf5
28. Qxf5 gxf5 29. Re6 Be5 30. Rh1 f4 31. Rxh5+ Kg7 32. Rh1 f3 33. Rf1 f2 34.
Kc2 Rf5 35. Kd3 Bg3 36. Ke3 Be5 37. Ke2 Bg3 38. Ke3 Rxg5 39. Kf3 Be5 40. Ke2
Bg3 41. Re4 Kf7 42. Kf3 Be5 43. Rxf2 Rg3+ 44. Ke2+ Ke8 45. Kd1 Rg1+ 46. Kc2 a4
47. Rh4 Rg7 48. Kd3 Rg3+ 49. Ke4 Rg7 50. Rh5 Rg4+ 51. Kf5 Rg7 52. Re2 Rf7+ 53.
Kg6 Rf6+ 54. Kg5 Rf7 55. Rxe5+ dxe5 56. Rh6 Rf4 57. Rxb6 Rxc4 58. Kf5 Rh4 59.
Kxe5 Rh5+ 60. Ke4 Rh4+ 61. Kd3 Rd4+ 62. Kc3 Rxd5 63. Kc4 Rf5 64. Kb5 Kd7 65.
Kxa4 Kc7 66. Kb5 c4+ 67. Ka6 Rc5 68. a4 c3 69. bxc3 Rxc3 70. a5 Rc6 71. Ka7 Rc5
72. a6 Rf5 73. Rb2 Rc5 74. Rb7+ Kc8 75. Kb6 Rc2 76. Rg7 Rb2+ 77. Ka7 Rb1 78.
Rg2 Rc1 79. Rg5 Rc2 80. Rb5 Rc1 81. Kb6 Kb8 82. Rc5 Rxc5 83. Kxc5 Ka7 84. Kd4
Kxa6 1/2-1/2

[Event "Eesti klubide mv"]
[Site "Tallinn"]
[Date "2021.07.16"]
[Round "1.4"]
[White "Lehes, Erik Johannes"]
[Black "Neff, Sergei"]
[Result "0-1"]
[WhiteElo "1453"]
[BlackElo "2198"]
[PlyCount "100"]
[EventDate "2021.07.16"]
[EventCountry "EST"]
[SourceVersionDate "2021.11.19"]
[WhiteTeam "Tartu Kalev"]
[BlackTeam "Kadrioru MK"]

1. d4 b6 2. Nf3 Bb7 3. c4 e6 4. Nc3 Bb4 5. a3 Bxc3+ 6. bxc3 d6 7. Bf4 Nf6 8. e3
Nbd7 9. Bg5 h6 10. Bxf6 Qxf6 11. Bd3 e5 12. Be2 O-O-O 13. Rf1 Rhe8 14. Qc2 g5
15. d5 Nc5 16. Nd2 c6 17. e4 Kc7 18. f3 Qg6 19. O-O-O Rf8 20. Nb3 Nd7 21. Bd3
a5 22. a4 Rb8 23. Qe2 f6 24. Kc2 Rfd8 25. Rb1 Qe8 26. Rb2 f5 27. Qf2 Ba8 28.
Rfb1 Nc5 29. Nxc5 bxc5 30. Ra1 Qd7 31. Kc1 fxe4 32. Bxe4 cxd5 33. cxd5 Qf7 34.
c4 Qf4+ 35. Qd2 Rb4 36. Rxb4 cxb4 37. Qxf4 gxf4 38. Kb2 Kb6 39. Kb3 Kc5 40. Rd1
Rg8 41. Rd2 Bb7 42. Bd3 Rg5 43. Bf1 Bc8 44. h3 Rg3 45. Rf2 e4 46. Kc2 e3 47.
Re2 Bf5+ 48. Kb3 Bd3 49. Re1 Bxf1 50. Rxf1 Rxg2 0-1

[Event "Eesti klubide mv"]
[Site "Tallinn"]
[Date "2021.07.16"]
[Round "1.5"]
[White "Rauk, Tõnu"]
[Black "Pool, Linda Maria"]
[Result "1-0"]
[WhiteElo "2125"]
[BlackElo "1484"]
[PlyCount "93"]
[EventDate "2021.07.16"]
[EventCountry "EST"]
[SourceVersionDate "2021.11.19"]
[WhiteTeam "Kadrioru MK"]
[BlackTeam "Tartu Kalev"]

1. d4 f5 2. e4 fxe4 3. Nc3 Nf6 4. Bg5 d5 5. Bxf6 exf6 6. Qh5+ g6 7. Qxd5 Bb4 8.
Qxe4+ Kf7 9. Bc4+ Kg7 10. Nge2 Bxc3+ 11. bxc3 Re8 12. Qd5 Qxd5 13. Bxd5 c6 14.
Bf3 Bf5 15. Rb1 b6 16. Kd2 Be4 17. Bxe4 Rxe4 18. Ng3 Re7 19. Rhe1 Kf7 20. Rxe7+
Kxe7 21. Re1+ Kf7 22. Ne4 Nd7 23. Nd6+ Kf8 24. Re6 Rc8 25. Nxc8 c5 26. Re7 Nb8
27. Rxa7 Nc6 28. Rc7 Na5 29. Nxb6 cxd4 30. cxd4 h5 31. d5 g5 32. d6 g4 33. Nd7+
Ke8 34. Nxf6+ Kd8 35. Ra7 Nc4+ 36. Kc3 Nxd6 37. Rd7+ Kc8 38. Rxd6 Kc7 39. Ne8+
Kb7 40. Kb4 Kc8 41. Kc5 h4 42. Kc6 g3 43. Rd7 gxf2 44. Nd6+ Kb8 45. Rd8+ Ka7
46. Nb5+ Ka6 47. Ra8# 1-0

[Event "Eesti klubide mv"]
[Site "Tallinn"]
[Date "2021.07.16"]
[Round "1.6"]
[White "Lehes, Leho"]
[Black "Tarakanov, Oleg"]
[Result "0-1"]
[WhiteElo "1342"]
[BlackElo "2127"]
[PlyCount "44"]
[EventDate "2021.07.16"]
[EventCountry "EST"]
[SourceVersionDate "2021.11.19"]
[WhiteTeam "Tartu Kalev"]
[BlackTeam "Kadrioru MK"]

1. Nf3 d5 2. d4 Bf5 3. Bf4 e6 4. e3 Nf6 5. c4 Bxb1 6. Rxb1 Bb4+ 7. Ke2 Bd6 8.
Bxd6 cxd6 9. Qb3 O-O 10. Qxb7 dxc4 11. Qb4 d5 12. b3 Na6 13. Qa3 Qb6 14. Qb2
Rab8 15. Nd2 Qa5 16. Rc1 Rfc8 17. Rc3 Nb4 18. bxc4 Nxa2 19. Ra3 Rxb2 20. Rxa5
Ne4 21. Rxa7 dxc4 22. Ke1 Nxd2 0-1

[Event "Eesti klubide mv"]
[Site "Tallinn"]
[Date "2021.07.16"]
[Round "1.21"]
[White "Pedoson, Georg"]
[Black "Volodin, Aleksander"]
[Result "0-1"]
[WhiteElo "2231"]
[BlackElo "2444"]
[PlyCount "94"]
[EventDate "2021.07.16"]
[EventCountry "EST"]
[SourceVersionDate "2021.11.19"]
[WhiteTeam "Kaksikodad MK"]
[BlackTeam "Kohtla-Jarve Diagonaal"]

1. e4 c5 2. Nf3 d6 3. Bb5+ Bd7 4. Bxd7+ Qxd7 5. O-O Nf6 6. Re1 Nc6 7. c3 e6 8.
d4 cxd4 9. cxd4 d5 10. e5 Ne4 11. Nbd2 Nxd2 12. Bxd2 Be7 13. Rc1 O-O 14. Qe2 a6
15. h3 Rac8 16. Rc2 Qd8 17. Rec1 Qb6 18. Qd3 h6 19. a3 Rfe8 20. Rc3 Rb8 21. Rb3
Qa7 22. a4 Rbc8 23. h4 Rf8 24. Re1 Bd8 25. h5 Ba5 26. Bxa5 Nxa5 27. Rc3 Qb6 28.
Rec1 Rc4 29. Rxc4 dxc4 30. Qc3 Rd8 31. Re1 Rd5 32. Re4 Qb3 33. Qc1 Qd3 34. Rg4
Qf5 35. Rh4 b5 36. axb5 axb5 37. Qc3 Nc6 38. g3 Rd7 39. Kg2 Ne7 40. Qa5 Nd5 41.
Qxb5 Rc7 42. Nd2 c3 43. bxc3 Rxc3 44. Qe2 Rc2 45. Qe1 Qd3 46. Nf1 Re2 47. Qa1
Qf5 0-1

[Event "Eesti klubide mv"]
[Site "Tallinn"]
[Date "2021.07.16"]
[Round "1.22"]
[White "Timoshin, Andrei"]
[Black "Raag, Ardi"]
[Result "1/2-1/2"]
[WhiteElo "2176"]
[BlackElo "1955"]
[PlyCount "128"]
[EventDate "2021.07.16"]
[EventCountry "EST"]
[SourceVersionDate "2021.11.19"]
[WhiteTeam "Kohtla-Jarve Diagonaal"]
[BlackTeam "Kaksikodad MK"]

1. e4 e6 2. d4 d5 3. Nd2 c5 4. exd5 exd5 5. Ngf3 Nf6 6. c3 Nc6 7. Bb5 Be7 8.
dxc5 Bxc5 9. O-O O-O 10. Nb3 Be7 11. h3 Ne4 12. Bf4 Nc5 13. Re1 a6 14. Bd3 Nxd3
15. Qxd3 Bf6 16. Rad1 Be6 17. Nc5 Qe7 18. Nxe6 fxe6 19. Be5 Bxe5 20. Nxe5 Nxe5
21. Rxe5 Rae8 22. Rde1 Qc5 23. Qg3 Rf6 24. R1e2 Kf7 25. Kh1 Qc4 26. b3 Qf4 27.
Qd3 h6 28. c4 dxc4 29. bxc4 Re7 30. c5 Qc1+ 31. Kh2 Qf4+ 32. g3 Qf3 33. Qd6 Qc6
34. Qxc6 bxc6 35. Rb2 Rd7 36. Ree2 Rf5 37. Rb6 Rxc5 38. Rxa6 Rd3 39. a3 Rdc3
40. Ra7+ Kf6 41. Kg2 Rc2 42. Rxc2 Rxc2 43. a4 c5 44. Kf3 c4 45. Ke3 c3 46. h4
Rd2 47. Rc7 Ra2 48. Rc4 h5 49. f3 g6 50. Kd3 c2 51. Kd2 Kf7 52. Kc1 Kf6 53. Rb4
e5 54. Rc4 Kf7 55. Rc7+ Kf6 56. Rc4 Kf7 57. g4 hxg4 58. Rxg4 Kf6 59. Rb4 Kg7
60. Rc4 Kh6 61. Re4 Kg7 62. Rc4 Kh6 63. Rg4 Kh5 64. Re4 Kh6 1/2-1/2

[Event "Eesti klubide mv"]
[Site "Tallinn"]
[Date "2021.07.16"]
[Round "1.23"]
[White "Orgse, Karl Kristofer"]
[Black "Koop, Vjacheslav"]
[Result "0-1"]
[WhiteElo "1857"]
[BlackElo "2218"]
[PlyCount "62"]
[EventDate "2021.07.16"]
[EventCountry "EST"]
[SourceVersionDate "2021.11.19"]
[WhiteTeam "Kaksikodad MK"]
[BlackTeam "Kohtla-Jarve Diagonaal"]

1. e4 c5 2. Nc3 g6 3. g3 Bg7 4. Bg2 Nc6 5. Nge2 e5 6. O-O Nge7 7. d3 O-O 8. Bg5
h6 9. Be3 Nd4 10. Qd2 Kh7 11. Nd5 Nxd5 12. exd5 d6 13. Bxd4 cxd4 14. c3 Qb6 15.
c4 a5 16. b3 Bd7 17. Kh1 f5 18. f4 Rae8 19. Rad1 e4 20. dxe4 fxe4 21. Nxd4 e3
22. Qd3 Bg4 23. Be4 Bxd1 24. Bxg6+ Kh8 25. Ne6 Bg4 26. Bxe8 Rxe8 27. c5 Qa6 28.
Qxa6 bxa6 29. cxd6 e2 30. Rc1 Rxe6 31. Rc8+ Kh7 0-1

[Event "Eesti klubide mv"]
[Site "Tallinn"]
[Date "2021.07.16"]
[Round "1.24"]
[White "Shnurov, Daniil"]
[Black "Kull, Tormi"]
[Result "0-1"]
[WhiteElo "1890"]
[BlackElo "1964"]
[PlyCount "152"]
[EventDate "2021.07.16"]
[EventCountry "EST"]
[SourceVersionDate "2021.11.19"]
[WhiteTeam "Kohtla-Jarve Diagonaal"]
[BlackTeam "Kaksikodad MK"]

1. d4 Nf6 2. c4 g6 3. Nc3 d5 4. cxd5 Nxd5 5. e4 Nxc3 6. bxc3 Bg7 7. Bc4 c5 8.
Ne2 Nc6 9. Be3 O-O 10. O-O cxd4 11. cxd4 b6 12. Rc1 Bb7 13. Qd2 Rc8 14. Rfd1
Qd7 15. f3 Na5 16. Bd3 Rfd8 17. h4 h5 18. e5 Rxc1 19. Rxc1 Bxe5 20. dxe5 Qxd3
21. Qxd3 Rxd3 22. Kf2 Rd7 23. Nd4 e6 24. g4 hxg4 25. fxg4 a6 26. a4 Bd5 27.
Rc8+ Kg7 28. Bg5 f5 29. Bf6+ Kf7 30. h5 gxh5 31. gxh5 Bb7 32. Rh8 Rxd4 33. Rh7+
Kf8 34. h6 Rd2+ 35. Ke1 Rh2 36. Rc7 Bc6 37. h7 Bxa4 38. h8=Q+ Rxh8 39. Bxh8 Bb3
40. Bf6 Bd5 41. Ra7 Bc4 42. Be7+ Ke8 43. Bd6 Nc6 44. Rb7 b5 45. Rb6 Kd7 46.
Rb7+ Kd8 47. Rb6 Kd7 48. Rxa6 b4 49. Rb6 b3 50. Rb7+ Ke8 51. Kf2 Bd5 52. Rb6
Kd7 53. Rb7+ Kc8 54. Rb6 Na5 55. Rb8+ Kd7 56. Ba3 Nc6 57. Rb7+ Kc8 58. Rb5 Nxe5
59. Rc5+ Kb7 60. Rc3 Kb6 61. Ke3 Nc4+ 62. Rxc4 Bxc4 63. Kd4 Bd5 64. Ke3 e5 65.
Bb2 f4+ 66. Kd3 e4+ 67. Ke2 Kc5 68. Be5 Bc4+ 69. Kd2 e3+ 70. Kc3 e2 71. Kd2 f3
72. Bg3 Kb4 73. Bd6+ Ka4 74. Bg3 Ka3 75. Bd6+ Ka2 76. Be5 f2 0-1

[Event "Eesti klubide mv"]
[Site "Tallinn"]
[Date "2021.07.16"]
[Round "1.25"]
[White "Lainevool, Mirko"]
[Black "Novikov, Sergei"]
[Result "1-0"]
[WhiteElo "1554"]
[BlackElo "1755"]
[PlyCount "49"]
[EventDate "2021.07.16"]
[EventCountry "EST"]
[SourceVersionDate "2021.11.19"]
[WhiteTeam "Kaksikodad MK"]
[BlackTeam "Kohtla-Jarve Diagonaal"]

1. e4 d5 2. exd5 Qxd5 3. Nc3 Qd6 4. Nf3 e5 5. Bc4 Be6 6. Qe2 Bxc4 7. Qxc4 c6 8.
O-O Nd7 9. Re1 f6 10. d4 O-O-O 11. dxe5 Nxe5 12. Nxe5 fxe5 13. Be3 Kb8 14. Bg5
Be7 15. Rxe5 Qxe5 16. Bf4 Bd6 17. Bxe5 Bxe5 18. Re1 Re8 19. Rxe5 Rxe5 20. Qf4
Nf6 21. Qxe5+ Kc8 22. f3 Re8 23. Qg3 Re7 24. Ne4 Nxe4 25. fxe4 1-0

[Event "Eesti klubide mv"]
[Site "Tallinn"]
[Date "2021.07.16"]
[Round "1.26"]
[White "Dusman, Aleksander"]
[Black "Dukov, Vladimir"]
[Result "1-0"]
[WhiteElo "2024"]
[BlackElo "1423"]
[PlyCount "67"]
[EventDate "2021.07.16"]
[EventCountry "EST"]
[SourceVersionDate "2021.11.19"]
[WhiteTeam "Kohtla-Jarve Diagonaal"]
[BlackTeam "Kaksikodad MK"]

1. e4 c5 2. Nf3 d6 3. d4 cxd4 4. Nxd4 g6 5. Nc3 Bg7 6. Be3 Nf6 7. f3 Nc6 8. Qd2
Bd7 9. O-O-O Rc8 10. Kb1 a6 11. g4 h6 12. h4 b5 13. a3 b4 14. axb4 Nxb4 15. Bh3
Rb8 16. Nb3 a5 17. g5 hxg5 18. Bxd7+ Nxd7 19. hxg5 Rxh1 20. Rxh1 Ne5 21. Qe2
Qc7 22. Rh7 Kf8 23. Bd4 f6 24. f4 Nf7 25. gxf6 exf6 26. Qg4 a4 27. Nc1 a3 28.
Qxg6 Nh8 29. Qh5 Kg8 30. Bxf6 axb2 31. Nb3 Rb5 32. Rxh8+ Bxh8 33. Qxh8+ Kf7 34.
Qg7+ 1-0

[Event "Eesti klubide mv"]
[Site "Tallinn"]
[Date "2021.07.16"]
[Round "1.31"]
[White "Zjukin, Sergei"]
[Black "Andrijashkin, Deniss"]
[Result "1/2-1/2"]
[WhiteElo "2297"]
[BlackElo "2137"]
[PlyCount "66"]
[EventDate "2021.07.16"]
[EventCountry "EST"]
[SourceVersionDate "2021.11.19"]
[WhiteTeam "TTMKK"]
[BlackTeam "Narva Maletäht"]

1. e4 e5 2. Nf3 Nc6 3. Bb5 g6 4. d4 Nxd4 5. Nxd4 exd4 6. Qxd4 Qf6 7. Qd3 Bg7 8.
O-O Ne7 9. Nc3 O-O 10. Qg3 d6 11. Bc4 Qd4 12. Bb3 Be6 13. Be3 Qe5 14. f4 Qh5
15. Qf2 a6 16. Bd4 Bxd4 17. Qxd4 Nc6 18. Qd2 Qc5+ 19. Kh1 Qd4 20. Qe2 Bxb3 21.
axb3 f5 22. Rad1 Qg7 23. exf5 Rxf5 24. Nd5 Rff8 25. Qc4 Kh8 26. c3 Rae8 27. b4
Qf7 28. Rde1 Rxe1 29. Rxe1 Re8 30. Rxe8+ Qxe8 31. h3 Qf7 32. Qe4 Kg7 33. g3 Kf8
1/2-1/2

[Event "Eesti klubide mv"]
[Site "Tallinn"]
[Date "2021.07.16"]
[Round "1.32"]
[White "Aga, Rihard"]
[Black "Haavamäe, Henrik"]
[Result "1-0"]
[WhiteElo "2021"]
[BlackElo "2198"]
[PlyCount "135"]
[EventDate "2021.07.16"]
[EventCountry "EST"]
[SourceVersionDate "2021.11.19"]
[WhiteTeam "Narva Maletäht"]
[BlackTeam "TTMKK"]

1. d4 Nf6 2. c4 e6 3. Nf3 b6 4. Nc3 Bb7 5. Bf4 Be7 6. e3 Nh5 7. Be2 Nxf4 8.
exf4 d6 9. O-O O-O 10. Qd3 g6 11. d5 Bf6 12. Rad1 Nd7 13. Nd4 e5 14. fxe5 Nxe5
15. Qc2 Bg7 16. f4 Nd7 17. Ne4 Re8 18. Ng5 Nf6 19. f5 Qe7 20. Rf2 Bh6 21. h4
Ne4 22. fxg6 fxg6 23. Rf7 Bxg5 24. Rxe7 Be3+ 25. Kh2 Rxe7 26. Ne6 Nc5 27. Qc3
Bh6 28. Bg4 Bc8 29. Re1 Bxe6 30. Bxe6+ Nxe6 31. Qf6 Bf4+ 32. g3 Rf7 33. Qxe6
Be5 34. Rf1 Raf8 35. b3 Kg7 36. Rxf7+ Rxf7 37. Kg2 Bf6 38. Kh3 Be5 39. Qc8 a5
40. Kg2 Bf6 41. h5 gxh5 42. Qf5 h6 43. Qxh5 Be5 44. Qg4+ Kh7 45. Qe6 Kg7 46.
Kh3 Bf6 47. Kg4 Bg5 48. Qc8 Kg6 49. Qg8+ Kf6 50. Kh5 Re7 51. Qg6+ Ke5 52. Qd3
Kf6 53. Qf3+ Ke5 54. Qd3 Kf6 55. Kg4 Re5 56. a3 Ke7 57. b4 Re3 58. Qh7+ Kd8 59.
bxa5 bxa5 60. a4 Ra3 61. Qh8+ Kd7 62. Qb2 Re3 63. Qb5+ Ke7 64. c5 Re4+ 65. Kh3
Rd4 66. cxd6+ Kxd6 67. Qc6+ Ke5 68. Qe6# 1-0

[Event "Eesti klubide mv"]
[Site "Tallinn"]
[Date "2021.07.16"]
[Round "1.33"]
[White "Tuul, Tarmo"]
[Black "Blohhin, Sofia"]
[Result "1/2-1/2"]
[WhiteElo "2113"]
[BlackElo "1978"]
[PlyCount "61"]
[EventDate "2021.07.16"]
[EventCountry "EST"]
[SourceVersionDate "2021.11.19"]
[WhiteTeam "TTMKK"]
[BlackTeam "Narva Maletäht"]

1. d4 f5 2. Nc3 e6 3. e4 fxe4 4. Nxe4 Nf6 5. Nxf6+ Qxf6 6. Nf3 h6 7. Ne5 Rg8 8.
Bd3 d6 9. Ng4 (9. Qh5+ Kd8 10. Bh7) 9... Qf7 10. Bh7 Rh8 11. Qd3 Rxh7 12. Qxh7
e5 13. Ne3 d5 14. Qd3 e4 (14... exd4 $1 15. Qxd4 Be6 16. O-O $15 (16. b3 Nc6
17. Qd1 O-O-O 18. O-O $13) 16... Nc6 17. Qd3 d4) 15. Qb3 c6 16. O-O Bd6 17. c4
(17. f3 $18 Qh5 18. h3 Bxh3 19. fxe4) 17... Be6 18. cxd5 cxd5 19. Bd2 Nc6 20.
Qa4 (20. f3 $1) 20... Qf4 21. g3 Qf6 22. Qb5 Qf7 23. Rac1 a6 24. Qb6 Rc8 25.
Bc3 (25. f3 exf3 26. Rce1 $16) 25... h5 26. b4 Bb8 27. Qc5 Ba7 28. Qd6 Bb8 (
28... Rd8 29. Qf4 Qxf4 30. gxf4 Bxd4 $1 $17) 29. Qc5 Ba7 30. Qd6 Bb8 31. Qc5
1/2-1/2

[Event "Eesti klubide mv"]
[Site "Tallinn"]
[Date "2021.07.16"]
[Round "1.34"]
[White "Sadekov, Maksim"]
[Black "Medar, Marti"]
[Result "1/2-1/2"]
[WhiteElo "1912"]
[BlackElo "2049"]
[PlyCount "62"]
[EventDate "2021.07.16"]
[EventCountry "EST"]
[SourceVersionDate "2021.11.19"]
[WhiteTeam "Narva Maletäht"]
[BlackTeam "TTMKK"]

1. d4 Nf6 2. c4 g6 3. Nc3 d5 4. e3 Bg7 5. Qb3 dxc4 6. Bxc4 O-O 7. Nf3 Nc6 8.
Ng5 e6 9. Be2 e5 10. dxe5 Nxe5 11. O-O Qe7 12. Bd2 Rd8 13. Rfd1 h6 14. Nf3 Be6
15. Qxb7 Rab8 16. Qa6 Nxf3+ 17. Bxf3 Rxb2 18. Be1 Bg4 19. Rxd8+ Qxd8 20. Rd1
Qb8 21. Bxg4 Nxg4 22. Qc4 Ne5 23. Qh4 Qb7 24. Rd8+ Kh7 25. Ne4 g5 26. Nxg5+ Kg6
27. Ne4 Rb1 28. Qg3+ Kf5 (28... Kh7 29. Nf6+ Bxf6 30. Qg8#) 29. f3 Qb4 30. Qh3+
(30. Nd2 $1 Ra1 31. Re8 $1 $18 (31. f4 $18 Bf6 32. Rd5 Ke6 33. Rd4) 31... Qxd2
32. e4+ Kf6 33. Qxe5+ Kg6 34. Qf5#) 30... Kg6 31. Qg3+ Kf5 1/2-1/2

[Event "Eesti klubide mv"]
[Site "Tallinn"]
[Date "2021.07.16"]
[Round "1.35"]
[White "Abozenko, Georg"]
[Black "Vaino, Nikita"]
[Result "1-0"]
[WhiteElo "2134"]
[BlackElo "1909"]
[PlyCount "61"]
[EventDate "2021.07.16"]
[EventCountry "EST"]
[SourceVersionDate "2021.11.19"]
[WhiteTeam "TTMKK"]
[BlackTeam "Narva Maletäht"]

1. d4 d5 2. c4 e6 3. Nc3 Nf6 4. e3 Bd6 5. c5 Be7 6. b4 O-O 7. Bd3 a5 8. b5 c6
9. b6 Nbd7 10. f4 Nxc5 11. dxc5 Bxc5 12. Na4 Bxb6 13. Nxb6 Qxb6 14. Nf3 c5 15.
Rb1 Qa7 16. O-O c4 17. Bc2 Bd7 18. a4 Rab8 19. Nd4 Rfc8 20. Kh1 Qa6 21. Nb5
Bxb5 22. Rxb5 Qa7 23. Qe1 Rc5 24. Rxc5 Qxc5 25. Bb2 Ne4 26. Bxe4 dxe4 27. Bd4
Qb4 28. Qg3 Qf8 29. f5 Re8 30. fxe6 Rxe6 31. Qc7 1-0

[Event "Eesti klubide mv"]
[Site "Tallinn"]
[Date "2021.07.16"]
[Round "1.36"]
[White "Nikitin, Arseni"]
[Black "Truus, Tõnu"]
[Result "1-0"]
[WhiteElo "1765"]
[BlackElo "2120"]
[PlyCount "49"]
[EventDate "2021.07.16"]
[EventCountry "EST"]
[SourceVersionDate "2021.11.19"]
[WhiteTeam "Narva Maletäht"]
[BlackTeam "TTMKK"]

1. e4 d5 2. exd5 Nf6 3. d4 Nxd5 4. c4 Nb6 5. Nf3 Bg4 6. Be3 e5 7. dxe5 Qxd1+ 8.
Kxd1 Nc6 9. Nbd2 Nxe5 10. Kc2 Nxf3 11. gxf3 Bh5 12. Bd3 O-O-O 13. f4 f6 14.
Rhg1 Nd7 15. a3 Nc5 16. Bf5+ Kb8 17. b4 g6 18. Bh3 Nd3 19. Bf1 Nxf4 20. Bxf4
Rd4 21. Be3 Rh4 22. h3 Bg7 23. Re1 f5 24. Nb3 Rd8 25. Bg5 1-0

[Event "Eesti klubide mv"]
[Site "Tallinn"]
[Date "2021.07.16"]
[Round "2.1"]
[White "Volodin, Aleksander"]
[Black "Jezov, Roman"]
[Result "1-0"]
[WhiteElo "2444"]
[BlackElo "2313"]
[PlyCount "87"]
[EventDate "2021.07.16"]
[EventCountry "EST"]
[SourceVersionDate "2021.11.19"]
[WhiteTeam "Kohtla-Jarve Diagonaal"]
[BlackTeam "Kadrioru MK"]

1. d4 Nf6 2. c4 g6 3. g3 Bg7 4. Bg2 O-O 5. Nf3 d6 6. O-O Ne4 7. Qc2 f5 8. Nbd2
Nxd2 9. Bxd2 e5 10. dxe5 dxe5 11. Bb4 Re8 12. Rad1 Qf6 13. Bc3 Nc6 14. b4 Qe7
15. b5 Nd8 16. e4 Nf7 17. Rfe1 a6 18. a4 Qc5 19. Rd5 Qe7 20. exf5 (20. Nxe5 $1
Bxe5 (20... Nxe5 21. exf5 Bxf5 22. Qc1 c6 23. bxc6 bxc6 24. Rdxe5 Bxe5 25. Bxc6
) 21. Rxe5 $3 Nxe5 22. exf5 Qf7 (22... Bxf5 23. Bd5+ Kg7 (23... Nf7 24. Rxe7
Bxc2 25. Bxf7+ Kf8 26. Rxc7) 24. Qb2) 23. Bxe5 (23. Bd5 Nf3+ 24. Kh1 Nxe1 25.
Bxf7+ Kxf7 26. Qd1 Bxf5) 23... Bxf5 24. Qc3) 20... Bxf5 21. Qb2 axb5 22. axb5
c6 23. Rdd1 Qc5 24. Nd2 Ra4 25. h3 h5 26. bxc6 bxc6 27. h4 g5 28. Qb7 Rc8 29.
Ne4 Qxc4 30. hxg5 (30. Bf1 Qa2 31. Ra1 Qc2 32. Re2 $18) 30... Ra3 31. g6 $1 Ng5
32. Bxe5 Bxe5 33. Nxg5 Bc7 34. Re7 (34. Rd8+ $3 Rxd8 35. Qxc7 Rd7 36. Re8+ Kg7
37. Qe5+ Kxg6 38. Ne6) 34... Rxg3 35. Qxc7 $1 Rxg2+ 36. Kxg2 Qg4+ 37. Qg3 Qxd1
38. Nf3 (38. Nh7 $1 Qd4 39. Qb3+ Qd5+ 40. Qxd5+ cxd5 41. Nf6+ Kf8 42. Rf7#)
38... Bg4 39. Ne5 Qd5+ (39... Be6 $1 $13 40. Qe3 $1 Bd5+ 41. f3 Rf8 42. Rh7
Bxf3+ 43. Nxf3 Qc2+ 44. Kh1 Qxg6 45. Re7 $14) 40. Kh2 Qd6 41. Qb3+ Qd5 42. Qb7
Bd7 43. Qxd7 Qxd7 44. Nxd7 1-0

[Event "Eesti klubide mv"]
[Site "Tallinn"]
[Date "2021.07.16"]
[Round "2.2"]
[White "Petrov, Dmitri"]
[Black "Timoshin, Andrei"]
[Result "1/2-1/2"]
[WhiteElo "2251"]
[BlackElo "2176"]
[PlyCount "45"]
[EventDate "2021.07.16"]
[EventCountry "EST"]
[SourceVersionDate "2021.11.19"]
[WhiteTeam "Kadrioru MK"]
[BlackTeam "Kohtla-Jarve Diagonaal"]

1. e4 c5 2. Nf3 g6 3. d4 cxd4 4. Qxd4 Nf6 5. e5 Nc6 6. Qa4 Nd5 7. Qe4 Nb6 8.
Nc3 d5 9. exd6 Bf5 10. Qf4 Bg7 11. dxe7 Qxe7+ 12. Qe3 O-O 13. Qxe7 Nxe7 14. Bd3
Bxd3 15. cxd3 Rad8 16. Be3 Rxd3 17. Ke2 Rdd8 18. Bxb6 axb6 19. Rhd1 Nc6 20.
Rxd8 Rxd8 21. Rd1 Re8+ 22. Kf1 Ra8 23. Rd7 1/2-1/2

[Event "Eesti klubide mv"]
[Site "Tallinn"]
[Date "2021.07.16"]
[Round "2.3"]
[White "Golubenko, Valeri"]
[Black "Ivanov, Platon-Jaan"]
[Result "1-0"]
[WhiteElo "2285"]
[BlackElo "2183"]
[PlyCount "49"]
[EventDate "2021.07.16"]
[EventCountry "EST"]
[SourceVersionDate "2021.11.19"]
[WhiteTeam "Kohtla-Jarve Diagonaal"]
[BlackTeam "Kadrioru MK"]

1. d4 Nf6 2. Bg5 Ne4 3. Bh4 g5 4. f3 gxh4 5. fxe4 c5 6. e3 Qb6 (6... Bh6) 7.
Nc3 Qxb2 (7... e6 8. Nf3 Bh6 (8... Qxb2 9. Nb5 Qb4+ 10. Kf2 Qa5) 9. Ne5 $1 Qxb2
10. Nb5 O-O 11. a3 (11. Rb1 Qxa2 12. Ra1 Qb2 13. Bc4 $18 {[%cal Ra1a2,Re5d3]})
11... a6 12. Rb1 Qxb1 13. Qxb1 axb5 14. Bxb5 {1-0 (28) Rozentalis,E (2613)
-Nakar,E (2385) Tel Aviv 2013}) 8. Nd5 Kd8 9. Rb1 Qa3 10. Qh5 Nc6 (10... cxd4
11. exd4) 11. Nf3 e6 12. Qg5+ Be7 13. Nxe7 Nxe7 14. Ne5 Rf8 15. Qh6 Ke8 16. Nc4
Qc3+ 17. Kd1 Ng8 18. Qg5 Ne7 19. Qxc5 Kd8 20. Rb3 Qa1+ 21. Kd2 f5 22. Qa5+ b6
23. Rxb6 axb6 24. Qxb6+ Ke8 25. Nd6# 1-0

[Event "Eesti klubide mv"]
[Site "Tallinn"]
[Date "2021.07.16"]
[Round "2.4"]
[White "Neff, Sergei"]
[Black "Koop, Vjacheslav"]
[Result "1/2-1/2"]
[WhiteElo "2193"]
[BlackElo "2218"]
[PlyCount "83"]
[EventDate "2021.07.16"]
[EventCountry "EST"]
[SourceVersionDate "2021.11.19"]
[WhiteTeam "Kadrioru MK"]
[BlackTeam "Kohtla-Jarve Diagonaal"]

1. Nf3 Nf6 2. g3 g6 3. Bg2 Bg7 4. O-O O-O 5. c4 c5 6. d4 cxd4 7. Nxd4 Nc6 8.
Nc3 Nxd4 9. Qxd4 d6 10. b3 Bf5 11. Bb2 Ne4 12. Qe3 Nxc3 13. Bxc3 Bxc3 14. Qxc3
Qd7 15. Rfd1 Bh3 16. Bh1 Rab8 17. Qe3 b6 18. Rd4 h5 19. b4 Qe6 20. Qd2 Qf6 21.
Rc1 Rfc8 22. Bd5 e6 23. Bf3 d5 24. Rf4 Qe5 25. Bg2 Bxg2 26. Kxg2 Rc7 27. Rc3
dxc4 28. Rfxc4 Rxc4 29. Rxc4 a5 30. h4 axb4 31. Rxb4 Qc5 32. e4 Ra8 33. a4 Qc6
34. Qd4 Qc5 35. Qb2 Qc6 36. Qb3 Rd8 37. Rc4 Qd6 38. Qb5 Ra8 39. Rc6 Qd4 40. Rc4
Qd6 41. e5 Qd8 42. Qc6 1/2-1/2